header

Berlin in focus (Record no. 1491)

MARC details
000 -LEADER
fixed length control field 01273nam a2200301 a 4500
082 04 - DEWEY DECIMAL CLASSIFICATION NUMBER
Classification number 306/.09431/55
245 00 - TITLE STATEMENT
Title Berlin in focus
260 ## - PUBLICATION, DISTRIBUTION, ETC. (IMPRINT)
Place of publication Westport, Conn. :
Name of publisher Praeger,
Year of publication 1996.
300 ## - PHYSICAL DESCRIPTION
Number of Pages viii, 204 p., [4] p. of plates :
Other physical details ill.
700 1# - ADDED ENTRY--PERSONAL NAME
Personal name Becker-Cantarino, Barbara.
856 40 - ELECTRONIC LOCATION AND ACCESS
Uniform Resource Identifier http://site.ebrary.com/lib/rucke/Doc?id=5005001

No items available.

© 2026 Rongo University
Contact us: librarian | system librarian | Rongo university